Practical guide to psychic powers : (Record no. 371)

000 -LEADER
fixed length control field nam a22 a 4500
003 - CONTROL NUMBER IDENTIFIER
control field AKMAL
005 - DATE AND TIME OF LATEST TRANSACTION
control field 20170503152450.0
008 - FIXED-LENGTH DATA ELEMENTS--GENERAL INFORMATION
fixed length control field 170503s2005 my | e | 000 | eng d
020 ## - INTERNATIONAL STANDARD BOOK NUMBER
International Standard Book Number 983720530X (pbk.) :
Terms of availability RM17.50
040 ## - CATALOGING SOURCE
Original cataloging agency AKMAL
082 04 - DEWEY DECIMAL CLASSIFICATION NUMBER
Classification number 133.8 DEN
090 00 - LOCALLY ASSIGNED LC-TYPE CALL NUMBER (OCLC); LOCAL CALL NUMBER (RLIN)
Classification number (OCLC) (R) ; Classification number, CALL (RLIN) (NR) 133.8
Local cutter number (OCLC) ; Book number/undivided call number, CALL (RLIN) DEN
100 1# - MAIN ENTRY--PERSONAL NAME
Personal name Denning, Melita
9 (RLIN) 839
245 10 - TITLE STATEMENT
Title Practical guide to psychic powers :
Remainder of title awaken your sixth sense /
Statement of responsibility, etc. Denning & Phillips
260 ## - PUBLICATION, DISTRIBUTION, ETC.
Place of publication, distribution, etc. Petaling Jaya :
Name of publisher, distributor, etc. Golden Books Centre,
Date of publication, distribution, etc. 2005
300 ## - PHYSICAL DESCRIPTION
Extent xvi, 199p. :
Other physical details ill. ;
Dimensions 20cm.
650 10 - SUBJECT ADDED ENTRY--TOPICAL TERM
Topical term or geographic name entry element Parapsychology
9 (RLIN) 840
650 20 - SUBJECT ADDED ENTRY--TOPICAL TERM
Topical term or geographic name entry element Psychic ability
9 (RLIN) 841
700 1# - ADDED ENTRY--PERSONAL NAME
Personal name Phillips, Osborne
9 (RLIN) 842
942 ## - ADDED ENTRY ELEMENTS (KOHA)
Source of classification or shelving scheme
Koha item type Book
Holdings
Withdrawn status Lost status Source of classification or shelving scheme Damaged status Not for loan Collection code Home library Current library Shelving location Date acquired Inventory number Total Checkouts Full call number Barcode Date last seen Price effective from Koha item type
          NON-FICTION AKMAL Melaka AKMAL Melaka PINJAMAN 03.05.2017 100498   133.8 DEN 201701308 03.05.2017 03.05.2017 Book
Pusat Sumber Maklumat Dato' Haji Sarmin Md Hussin, Akademi Kastam Diraja Malaysia, Melaka
Tel: 06-2331106 | Faks: 06-2313787